Statistics for Flags With Stars

Click here to take the quiz!

General Stats

  • This quiz has been taken 74 times
  • The average score is 13 of 15

Answer Stats

Answer% Correct
Australia
100%
Brazil
100%
China
100%
New Zealand
100%
Turkey
100%
Israel
98%
Vietnam
95%
Tunisia
90%
Algeria
88%
Kosovo
86%
Turkmenistan
85%
Papua New Guinea
78%
Cameroon
76%
Myanmar
71%
Burkina Faso
63%

Score Distribution

Percentile by Number Answered

Percent of People with Each Score

Your Score History

You have not taken this quiz